LEADER 01040nam a2200265 u 4500 001 000000025613 003 CaOOAMICUS 005 20070226111501.0 008 951010c19821978it u000 u ita u 035 $a10658369 040 $aMSA$bita$dPUL(R) 100 1 $aTrinchero, Mario.$0(OLS)http://pul/name/8446 245 13$aIl neopositivismo logico /$cMArio Trinchero. 260 $aTorino :$bLoescher,$c1982. c1978. 300 $a308 p. ;$c20 cm 490 1 $aFilosofia ;$v10 650 4$aPositivismo logico.$0(OLS)http://pul/subject/454 650 4$aAnalisi (filosofia).$0(OLS)http://pul/subject/8544 830 0$aFilosofia (Loescher) ;$v10.$0(OLS)http://pul/title/7942 850 $aPUL 852 $aPUL$W1$xSL Filosofia 2$y80$mPhil A19 10$j35792$nBK-PRI$b $qStampati altre collocazioni$B35792$CPULBib$Z2$F35792 $H $81 941 1 $a10 961 $aINV: 56181 996 $6245$aIl neopositivismo logico$9(OLS)http://pul/title/35274 996 $6260$aTorino :$bLoescher$9(OLS)http://pul/publisher/48154 LEADER 01377nam a2200337 a 4500 001 000000058020 003 CaOOAMICUS 005 20130719131715.0 008 010522s1980 it u000 u ita r 035 $a10889943 040 $aPUL$bita 041 1 $aita$heng 100 1 $aWittfogel, Karl August,$d1896-$0(OLS)http://pul/name/40368 240 10$aOriental despotism: a comparative study of total power.$lItaliano.$0(OLS)http://pul/title/77699 245 13$aIl dispotismo orientale /$cKarl A. Wittfogel. 260 $aMilano :$bSugarCo,$cc1980. 300 $a828 p. ;$c21 cm 490 1 $aArgomenti ;$v75 504 $aNote bibliografiche. 650 4$aEconomia e societą.$0(OLS)http://pul/subject/6910 650 4$aAutoritą.$0(OLS)http://pul/subject/9446 830 0$aArgomenti (Sugarco) ;$v75.$0(OLS)http://pul/title/12795 850 $aPUL 852 $aPUL$W1$xDP1 Altre Collocazioni$y17$mSenza collocazione$j12$nBK-PRI$b $qStampati$B75810$CPULBib$Z2$F75810 $H $81 852 $aPUL$W1$xDP1 Fondo E. Rossi$y115$m1 W 19$j155495$qFondi$B155065$CPULBib$Z2$F155065 $82 941 1 $a8 941 1 $a1 961 $aSul dorso collocazione ms. di E. Rossi: W 12 996 $6245$aIl dispotismo orientale$9(OLS)http://pul/title/77700 996 $6260$aMilano :$bSugarCo$9(OLS)http://pul/publisher/48978